000 00777nam a2200253 i 4500
001 bg
100 1 _aMercik, Jacek Wiesław.
245 1 0 _aEkonometria /
_cJacek Mercik, Czesław Szmigiel.
260 _aWrocław :
_bOficyna Wydawnicza Politechniki Wrocławskiej,
_c2007.
300 _a320, [1] s. :
_bwykr. ;
_c24 cm.
504 _aBibliogr. s. 320-[321].
650 9 _aEkonometria
655 _aPodręczniki akademickie
700 1 _aSzmigiel, Czesław.
020 _a9788374933551
040 _cBPK
041 0 _apol
044 _aPOL
080 _a330.43(075.8)
920 _a978-83-7493-355-1
942 _cKS
008 s pl f |000 0 pol
999 _c54546
_d54546
856 _uhttp://koha.tu.koszalin.pl/cgi-bin/koha/opac-detail.pl?biblionumber=54546
_yKatalog online BPK